000 00665nam a2200229 i 4500
001 8320
003 ES-MaACL
005 20250816035151.0
007 t|
008 920504s1990 sp |||| |cspa d
020 _a84-397-1659-1
080 _a929"03/19"
100 1 _aSavater, Fernando,
_d1947-
_9104053
245 1 0 _aApóstatas razonables
_b: semblanzas /
_cFernando Savater.
260 _aMadrid :
_bMondadori España,
_cD.L. 1990.
300 _a192 p. ;
_c22 cm.
490 1 _aBiblioteca Mondadori ;
_v3
650 4 _aBiografías.
_910574
830 0 0 _aBiblioteca Mondadori
_v3
_9177930
852 _aES-MaACL
_jL-15703
999 _c8320
_d8320